• 首页
  • 本馆介绍
  • 公告通知
  • 最新文献
  • 馆藏检索
  • 电子资源
  • 读者导购
  • 参考咨询
  • 我的图书馆
  • 登录
  • 详细信息显示
  • 放入我的书架
  • 预约/预借图书
  • 作者相关作品
  • 分类相关作品
  • 丛书相关作品
  • 出版社相关作品

书目信息

  • 表格格式
  • 工作单格式
  • 卡片格式
题名:
物业管理操作实务
    
 
作者: 高炳华 主编
分册:  
出版信息: 北京   中国人民大学出版社  2016
页数: 218页
开本: 26cm
丛书名:
单 册:
中图分类: F293.33
科图分类:
主题词: 物业管理--职业教育--教材
电子资源:
ISBN: 978-7-300-22380-3
000 00903nam0 2200241 450
001 012001002802
005 20140926114740.0
010    @a978-7-300-22380-3@dCNY28.00
100    @a20160502d2016 em y0chiy50 ea
101 0  @achi
102    @aCN@b110000
105    @ay z 000yy
106    @ar
200 1  @a物业管理操作实务@9wu ye guan li cao zuo shi wu@b专著@f高炳华主编
210    @a北京@c中国人民大学出版社@d2016
215    @a218页@d26cm
300    @a“十二五”职业教育国家规划教材 职业院校“双证书”实验教材
330    @a本书在编写过程中求新务实,以物业管理的基本内容和方法为基础,力求充分反映当前物业管理最先进的理念和方法,主要内容涉及:物业管理人员的职业道德、物业管理基础知识、客户管理服务、物业维护管理服务等。
606 0  @a物业管理@x职业教育@j教材
690    @aF293.33@v5
701  0 @a高炳华@9gao bing hua@4主编
801  0 @aCN@b上海新华@c20180901
905    @b1161531-5@dF293.33@e1591@f5
    
    物业管理操作实务/高炳华主编.-北京:中国人民大学出版社,2016
    218页;26cm
    “十二五”职业教育国家规划教材 职业院校“双证书”实验教材
    
    ISBN 978-7-300-22380-3:CNY28.00
    本书在编写过程中求新务实,以物业管理的基本内容和方法为基础,力求充分反映当前物业管理最先进的理念和方法,主要内容涉及:物业管理人员的职业道德、物业管理基础知识、客户管理服务、物业维护管理服务等。
●
相关链接 在E读中查询图书 在五车中查询图书 在当当中查询图书 在豆瓣中查询图书


正题名:物业管理操作实务     索取号:F293.33/1591         预约/预借

序号 登录号 条形码 馆藏地/架位号 状态 备注
1 1161531   211615313   第一样本阅览室/ [索取号:F293.33/1591] 在馆    
2 1161532   211615322   密集书库-海洋学院/ [索取号:F293.33/1591] 在馆    
3 1161533   211615331   第一借阅区/ [索取号:F293.33/1591] 在馆    
4 1161534   211615340   第一借阅区/ [索取号:F293.33/1591] 在馆    
5 1161535   211615359   第一借阅区/ [索取号:F293.33/1591] 在馆    
唐山师范学院图书馆 欢迎您!
大连网信软件有限公司© 版权所有